| 000 | 00719cam a22002411 4500 | ||
|---|---|---|---|
| 001 | sa 64007900 | ||
| 003 | DLC | ||
| 005 | 20260227112050.0 | ||
| 008 | 870806s1963 ii b 000 0 eng | ||
| 010 | _asa 64007900 | ||
| 025 | _aPL480:I-E-3274 | ||
| 035 | _a(OCoLC)16396343 | ||
| 040 |
_aDLC _cWaU _dWaU _dDLC |
||
| 042 | _apremarc | ||
| 050 | 0 | 0 |
_aBL1225.R3 _bP3 |
| 100 | 1 |
_aPanoly, V., _d1923- |
|
| 245 | 1 | 4 |
_aThe voice of Valmiki (Rama) _c[by] V. Panoly. |
| 260 |
_aKozhikode, _bSoudamini Panoly _c[1963?] |
||
| 300 |
_aiii, 92 p. _c19 cm. |
||
| 500 | _aStamped on t.p.: Munshi Ram Manohar Lal, oriental & foreign book-sellers. | ||
| 504 | _aBibliographical footnotes. | ||
| 600 | 0 | 0 |
_aVālmīki. _tRāmāyaṇa. |
| 999 |
_c60575 _d60575 |
||